000 00498nam a2200169 i 4500
001 51352
003 ES-MaACL
005 20230906162336.0
007 t|
008 030812s1910 fr ||||1| fre d
100 1 _aCharriaut, Henri.
_938120
245 1 3 _aLa Belgique moderne
_b: une terre d'expériences /
_cHenri Charriaut.
260 _aParis :
_b[s.n.,
_c1910] (
_fHemmerlé et Cie.)
300 _a390 p. ;
_c19 cm.
651 4 _aBélgica-
_xCivilización.
_9141069
852 _aES-MaACL
_jF-6160
999 _c51352
_d51352